000 00756nam a2200241Ia 4500
003 OSt
005 20221006165759.0
006 a|||||r|||| 00| 0
007 ta
008 221006b |||||||| |||| 00| 0 eng d
024 _a7,854
037 _cDissertations
040 _aFML
_cFML
_beng
041 _2eng
_aeng
100 _aMenon Lekha N Au.
_9680470
110 _aDelhi University. Faculty of Music and Fine Arts. Department of Music
245 0 _aImportant stringed instrument of india with special reference to those of South India
260 _c1982
300 _a135
_ccm.
700 _aDelhi University. Faculty of Music and Fine Arts. Department of Music
942 _cDIS
_2CC
999 _c1122017
_d1122017